El problema de la legitimidad en Venezuela /
Uloženo v:
| Hlavní autor: | |
|---|---|
| Další autoři: | , |
| Médium: | Text |
| Tagy: |
Přidat tag
Žádné tagy, Buďte první, kdo vytvoří štítek k tomuto záznamu!
|
MARC
| LEADER | 00000 a a2200000 04500 | ||
|---|---|---|---|
| 001 | 46719 | ||
| 003 | |||
| 040 | |||
| 100 | |a Crisp, Brian F. | ||
| 245 | |a El problema de la legitimidad en Venezuela / |c Brian F. Crisp, Daniel H. Levine, Juan Carlos Rey | ||
| 700 | |a Levine, Daniel H. | ||
| 700 | |a Rey, Juan Carlos | ||
| 773 | |a número16 ( , 1996), páginas 5-43 : gráficos | ||
| 999 | |c 36519 |d 36519 | ||
